Přísloví moudrost a její hostina

Bibliographic Details
Main Author: Raus, Daniel, 1957- (Author)
Other Authors: Pogran, Miroslav, 1964- (Illustrator)
Format: Book
Language:Czech
PhysicalDescription:179 s. ilustr. 20 cm
Published: Bratislava Porta libri 2016
ISBN:9788081560859
Edition:1. vyd.
Subjects:

MARC

LEADER 00000nam a2200000 a 4500
001 vtls011606901
003 SK-MaSNL
005 20260302052710.0
008 240318s2016 xo a g 000 p cze
015 |a SNBA2017/03 
020 |a 9788081560859  |q (viaz.) 
035 |a urn:nbn:sk:snk-am00cybj 
035 |a urn:nbn:sk:snk-am3hfbj 
035 |a 311A3740-7130-4122-952C-AD4DEB539CDA 
040 |a SNK  |b slo  |c SNK  |e AACR2 
041 0 |a cze 
044 |a xo  |c SK 
072 7 |a 821.162.3  |x Česká literatúra  |2 konspekt 
072 7 |a 27-4  |x Praktická teológia. Morálna teológia  |2 konspekt 
080 |a 821.162.3-1  |2 2011 
080 |a 179.9  |2 2011 
080 |a (0:82-84)  |2 2011 
080 |a (0:82-4)  |2 2011 
080 |a 27-243.65  |2 2011 
080 |a 27-4  |2 2011 
100 1 |a Raus, Daniel,  |d 1957-  |4 aut  |9 216060 
245 1 0 |a Přísloví  |b moudrost a její hostina  |c Daniel Raus ; [ilustrace: Miro Pogran] 
246 3 0 |a Moudrost a její hostina 
250 |a 1. vyd. 
260 |a Bratislava  |b Porta libri  |c 2016 
300 |a 179 s.  |b ilustr.  |c 20 cm 
630 0 7 |a Biblia  |p Príslovia  |2 SNKPH  |9 162736 
630 0 7 |a Bible  |p Proverbs  |2 SNKPHeng  |9 165679 
650 0 7 |a kresťanský život  |2 SNKPH  |9 1808 
650 0 7 |a Christian life  |2 SNKPHeng  |9 265582 
650 0 7 |a múdrosť  |2 SNKPH  |9 67331 
650 0 7 |a Wisdom  |2 SNKPHeng  |9 294404 
655 7 |a česká poézia  |2 SNKPH  |9 70569 
655 7 |a príslovia  |2 SNKPH  |9 70635 
655 7 |a Czech poetry  |2 SNKPHeng  |9 265012 
655 7 |a Proverbs  |2 SNKPHeng  |9 289074 
655 7 |a Essays  |2 SNKPHeng  |9 267540 
655 7 |a úvahy  |2 SNKPH  |9 29403 
655 7 |a citáty  |2 SNKPH  |9 70419 
655 7 |a Quotations  |2 SNKPHeng  |9 302733 
700 1 |a Pogran, Miroslav,  |d 1964-  |4 ill  |9 207249 
919 |a 978-80-8156-085-9 
958 |a LX 
958 |a NT 
958 |a CZ 
999 |c 1106257  |d 1108187 
952 |a SNK  |b SNK  |y PREZ  |7 0  |p 17A1252316  |o snkSD 85947  |i snk2017/2363  |8 0  |0 0  |1 0  |4 0  |d 2017-01-26  |f 1  |l 0  |r 2026-02-24 17:45:48  |w 2026-02-24 
952 |a SNK  |b SNK  |y VYP  |7 0  |p 17A1252315  |o snkSD 85947 D1  |i snk2017/2365  |8 0  |0 0  |1 0  |4 0  |d 2017-01-26  |l 0  |r 2026-02-24 17:45:48  |w 2026-02-24